| 000 | 00614nam a2200241Ia 4500 | ||
|---|---|---|---|
| 003 | OSt | ||
| 005 | 20221005090407.0 | ||
| 006 | a|||||r|||| 00| 0 | ||
| 007 | ta | ||
| 008 | 221004b |||||||| |||| 00| 0 eng d | ||
| 024 | _a46673 | ||
| 037 | _cTextual | ||
| 040 |
_aCRL _cCRL _beng |
||
| 041 |
_2eng _aeng |
||
| 082 | _aP111:3, M9 | ||
| 100 |
_aO'hearn Carolyn _9615264 |
||
| 245 | 0 | _aWriting grammar and usage | |
| 260 |
_aNew York _bMacmillan _c1989 |
||
| 300 |
_a370p. _ccm. |
||
| 650 | _aLINGUISTICS | ||
| 942 |
_hP111:3, M9 _cTEXL _2cc |
||
| 999 |
_c995739 _d995739 |
||